000 00362 a2200169 4500
001 45985
020 _a9788532271259
040 _cAnchieta - Aquarius
100 _aGaldino, Luiz
240 1 0 _aO mágico errado
_lpor
245 1 0 _aO mágico errado
300 _a39
362 0 _a2009
440 1 _aFTD
650 4 _aLiteratura infanto-juvenil
942 _cBK
999 _c45985
_d45985